Statistics for Guess the greek god by the Disney Hercules movie representation.

Click here to take the quiz!

General Stats

  • This quiz has been taken 37 times
  • The average score is 9 of 16

Answer Stats

Answer% Correct
Hades
100%
Zeus
93%
Aphrodite
83%
Ares
79%
Hera
76%
Hermes
76%
Athena
72%
Apollo
66%
Artemis
66%
Poseidon
66%
Demeter
48%
Eros
41%
Dionysos
24%
Iris
24%
Hestia
17%
Hephaestos
7%

Score Distribution

Percentile by Number Answered

Percent of People with Each Score

Your Score History

You have not taken this quiz